000 00278nam a22001217a 4500
008 171127b xxu||||| |||| 00| 0 eng d
041 _aeng
080 _a7
100 _a44
101 _aart
245 _aBOUHAUSKUNSTLERIN UND BIBLIOTHEKARIN
_cLEITERITZ, M.C
942 _2udc
_cBK
999 _c38594
_d38594